20 de julio de 1810 (Record no. 72011)

MARC details
000 -LEADER
campo de control de longitud fija 00747nmm a2200241Ia 4500
008 - DATOS DE LONGITUD FIJA--INFORMACIÓN GENERAL
campo de control de longitud fija 251105s9999||||xx |||||||||||||||||und||
020 ## - NÚMERO INTERNACIONAL ESTÁNDAR DEL LIBRO
Número Internacional Estándar del Libro 9789587195255
041 ## - CÓDIGO DE IDIOMA
Código de lengua del texto/banda sonora o título independiente spa
100 ## - ENTRADA PRINCIPAL--NOMBRE DE PERSONA
Nombre de persona Torres, Camilo
245 #0 - MENCIÓN DEL TÍTULO
Título 20 de julio de 1810
264 ## - PRODUCCIÓN, PUBLICACIÓN, DISTRIBUCIÓN, FABRICACIÓN Y COPYRIGHT
Producción, publicación, distribución, fabricación y copyright [Bogotá, Colombia] :
Nombre del de productor, editor, distribuidor, fabricante Universidad Nacional de Colombia,
Fecha de producción, publicación, distribución, fabricación o copyright 2010
300 ## - DESCRIPCIÓN FÍSICA
Extensión 161 páginas
490 ## - MENCIÓN DE SERIE
Mención de serie Biblioteca Bicentenario
650 ## - PUNTO DE ACCESO ADICIONAL DE MATERIA--TÉRMINO DE MATERIA
Término de materia o nombre geográfico como elemento de entrada History of the Americas: Latin America
700 ## - ENTRADA AGREGADA--NOMBRE PERSONAL
Nombre de persona Torres, Camilo
700 1# - ENTRADA AGREGADA--NOMBRE PERSONAL
Nombre de persona Joaquín Gutiérrez, Frutos
700 1# - ENTRADA AGREGADA--NOMBRE PERSONAL
Nombre de persona Nariño, Antonio
700 1# - ENTRADA AGREGADA--NOMBRE PERSONAL
Nombre de persona del Socorro Rodríguez, Manuel
700 1# - ENTRADA AGREGADA--NOMBRE PERSONAL
Nombre de persona González Llorente, José
700 1# - ENTRADA AGREGADA--NOMBRE PERSONAL
Nombre de persona Miguel Pey, José
856 ## - LOCALIZACIÓN Y ACCESO ELECTRÓNICOS
Identificador Uniforme de Recursos <a href="https://public.digitaliapublishing.com/a/62162">https://public.digitaliapublishing.com/a/62162</a>
942 ## - ELEMENTOS DE ENTRADA SECUNDARIOS (KOHA)
Tipo de ítem Koha Libro Digital

No items available.

Powered by Koha